Goiânia, Califórnia : vulnerabilidade, ambiguidade e cidadania transnacional /

Saved in:
Bibliographic Details
Main Author: Ribeiro, Gustavo Lins.
Format: Book
Language:Portuguese
Published: Brasília : Departamento de Antropologia, Universidade de Brasília, 1998.
Series:Série Antropologia (Brasília, Distrito Federal, Brazil) ; no. 235.
Subjects:
Tags: Add Tag
No Tags, Be the first to tag this record!
LEADER 01178cam a2200301Ia 4500
001 007799393-4
005 20130401081604.0
008 980717s1998 bl b 000 0 por d
035 0 |a ocm39505126 
040 |a EYM  |c EYM  |d IQU  |d IXA  |d LVB  |d TOZ 
043 |a n-us-ca 
090 |a GN564.B6  |b S47 no. 235 
090 |a F869.S39  |b B68 1998 
100 1 |a Ribeiro, Gustavo Lins. 
245 1 0 |a Goiânia, Califórnia :  |b vulnerabilidade, ambiguidade e cidadania transnacional /  |c Gustavo Lins Ribeiro. 
260 |a Brasília :  |b Departamento de Antropologia, Universidade de Brasília,  |c 1998. 
300 |a 23 p. ;  |c 30 cm. 
490 1 |a Série Antropologia ;  |v 235 
504 |a Includes bibliographical references (p. 21-22). 
650 0 |a Brazilians  |z California  |z San Francisco. 
650 0 |a Immigrants  |z California  |z San Francisco. 
651 0 |a San Francisco (Calif.)  |x Emigration and immigration. 
651 0 |a Goiânia (Brazil)  |x Emigration and immigration. 
650 6 |a Brésiliens  |z Californie  |z San Francisco. 
650 6 |a Immigrants  |z Californie  |z San Francisco. 
830 0 |a Série Antropologia (Brasília, Distrito Federal, Brazil) ;  |v no. 235. 
988 |a 20020608 
906 |0 OCLC